000 00973nam a2200313 c 4500
999 _c377481
_d377481
003 BLK
005 20200729085640.0
008 200311b bul|||||r ||||||| ||bul||
040 _aBLK
041 _aBUL
_cBUL
080 _aБългарска литература
_b821.163.2
_x-32
_z821.163.2-32
100 _aЛачева, Цилия Владимирова
_eпърви автор
_9377135
139 _aЛачева, Цилия
245 1 0 _aСелският ангел
_bРазкази
_cЦилия Лачева.
257 _aBGR
260 _aСофия
_bНар. младеж
_c1959
300 _a102 с.
_c18 см
380 _aX
500 _a2 600 тир. 3,35 лв.
852 _aЦб І 3041
_bЦб
856 4 _qpdf
_u
856 4 _qpdf
_u
942 _cKNG
_n0
_s1
944 _aCR
_c2020-07-29
_kНР